|
|
|
|
| LEADER |
00000cam a2200000 7i4500 |
| 001 |
0000000141 |
| 005 |
20000717.0 |
| 020 |
0 |
0 |
|a 9679785521
|
| 090 |
0 |
0 |
|a 658.4092
|b YEO 1997
|
| 100 |
1 |
0 |
|a YEOH
|h Michael
|
| 245 |
1 |
0 |
|a Vision & leadership :
|b Values and strategies towards vision 2020
|c Michael Yeoh
|
| 260 |
0 |
0 |
|a Petaling Jaya, Selangor :
|b Pelanduk Pub. ,
|c 1997
|
| 300 |
|
|
|a 133 p. ;
|c 23 cm.
|
| 650 |
0 |
0 |
|a Industrial management
|z Malaysia
|x Forecasting
|
| 650 |
0 |
0 |
|a Leadership
|x Forecasting
|
| 650 |
0 |
0 |
|a Management
|x Forecasting
|
| 745 |
0 |
0 |
|a Wawasan 2020
|
| 999 |
|
|
|a 0000001353
|b Monograph
|c Open Shelf
|e Default branch
|